| 000 | 01116nam a22002537a 4500 | ||
|---|---|---|---|
| 999 |
_c102445 _d102445 |
||
| 005 | 20181205150524.0 | ||
| 010 | _a1617EN ENG-117578 | ||
| 020 |
_a9789383762156 _c1050.00 |
||
| 035 | _aEN-101110 | ||
| 035 | _aB-648017-036 | ||
| 035 | _aB-663977 | ||
| 037 |
_adpl _bPBD |
||
| 037 |
_bDBAD/PUB _adpl |
||
| 082 | _a181.46 | ||
| 100 | _aRathod, Ranjit Singh G. | ||
| 245 |
_aSwami Vivekananda : _cby Ranjit Singh G. Rathod _bpersosnality & philosophy / |
||
| 260 |
_aNew Delhi _bSwastik Pub. _c2016 |
||
| 270 |
_a213, Vardan House, 7/28, Ansari Road, Darya Ganj, _bNew Delhi _e110002 |
||
| 300 |
_a248p. _c23cm(Hb) |
||
| 500 | _aIncludes bibliographical references and index | ||
| 942 |
_2ddc _cEN _mRAT _h181.46 |
||